00836nam a22001577a 450000500170000000800410001702000180005805000200007610000030009624500920009925000420019126000100023330000240024350000510026750503600031820220221131952.0220221b ||||| |||| 00| 0 eng d a9780691656793 aHQ1075.5.G7 K46  aMaking peace : the reconstruction of gender in interwar Britain /cSusan Kingsley Kent. aPrinceton Legacy Library edition 2019 c1993. ax, 182 p. :c27 cm. aIncludes bibliographical references and index. aContents : The sexual representation of war, 1914-1915 : reestablishing separate spheres -- The sexual representation of war 1915-1918 : sex, war, and sex war -- Feminists at the front : reinventing masculinity -- The vote : sex and suffrage in Britain, 1916-1918 -- Postwar disorder and the salvation of sex -- Postwar feminism : establishing the peace.